000 01448nam a22003618i 4500
005 20200320222442.0
008 190103s2019 cau a 000 1 eng
020 _a9781368020046 (hardcover)
040 _aDLC
_beng
_erda
_cDLC
_dCTMM
050 0 0 _aPZ7.1.L39
_bPer 2019
082 0 0 _a[E]
_223
100 1 _aLe, Minh,
_d1979-
_eauthor.
_96014504
245 1 4 _aThe perfect seat /
_cby Minh Le ; pictures by Gus Gordon.
250 _aFirst edition.
264 1 _aLos Angeles ;
_aNew York :
_bDisney . HYPERION,
_c2019.
264 2 _aOld Saybrook, Connecticut :
_bwww.micromarketing.org
300 _apages cm
336 _atext
336 _astill image
337 _aunmediated
338 _avolume
500 _a[Typographic symbols and accents removed for systems compatibility.]
520 _aEager to read together, a parent and child search for the perfect seat.
588 _aTitle and description based on researched data; resource not viewed.
650 1 _aChairs
_vFiction.
_96014505
650 1 _aBooks and reading
_vFiction.
_95684815
650 1 _aParent and child
_vFiction.
_95687507
700 1 _aGordon, Gus,
_eillustrator.
_96014507
942 _cBOOK
_05
948 _a11/18/2019
_zSirsi
949 _nwww.MicroMarketing.org 800-229-9887
996 _a172036
_b34301001599754
_cE
_dbk
_ewcl
_fi
_g5
_h16.99
_lmicromarketing
_mLe
_p11/19/2019
_q02/13/2020
_r02/05/2020
999 _c322672
_d322672